<?xml version="1.0" encoding="UTF-8"?><?xml-stylesheet type="text/xsl" href="static/style.xsl"?><OAI-PMH xmlns="http://www.openarchives.org/OAI/2.0/" xmlns:xsi="http://www.w3.org/2001/XMLSchema-instance" xsi:schemaLocation="http://www.openarchives.org/OAI/2.0/ http://www.openarchives.org/OAI/2.0/OAI-PMH.xsd"><responseDate>2026-04-17T08:05:38Z</responseDate><request verb="GetRecord" identifier="oai:www.recercat.cat:2117/110630" metadataPrefix="marc">https://recercat.cat/oai/request</request><GetRecord><record><header><identifier>oai:recercat.cat:2117/110630</identifier><datestamp>2025-07-22T16:24:51Z</datestamp><setSpec>com_2072_1033</setSpec><setSpec>col_2072_452951</setSpec></header><metadata><record xmlns="http://www.loc.gov/MARC21/slim" xmlns:dcterms="http://purl.org/dc/terms/" xmlns:xsi="http://www.w3.org/2001/XMLSchema-instance" xmlns:doc="http://www.lyncode.com/xoai" xsi:schemaLocation="http://www.loc.gov/MARC21/slim http://www.loc.gov/standards/marcxml/schema/MARC21slim.xsd">
   <leader>00925njm 22002777a 4500</leader>
   <datafield ind2=" " ind1=" " tag="042">
      <subfield code="a">dc</subfield>
   </datafield>
   <datafield ind2=" " ind1=" " tag="720">
      <subfield code="a">Tornel Garcia, Maria del Carme</subfield>
      <subfield code="e">author</subfield>
   </datafield>
   <datafield ind2=" " ind1=" " tag="260">
      <subfield code="c">2013-07</subfield>
   </datafield>
   <datafield ind2=" " ind1=" " tag="520">
      <subfield code="a">Questa tesi si è sviluppata a partire di una inizziale ricerca e studio&#xd;
del legno, le sue caratteristiche, la sua evoluzione e i suoi sistemi&#xd;
costrutivi fino l’attualità.&#xd;
In base al mio piaccere per il legno e a la situazione attuale mondiale&#xd;
in referenza ai problemi ambientali ho voluto sviluppare un progetto&#xd;
sostenibile usando il legno come principale sistema costrutivo&#xd;
e doppo aggiungendo altri sistemi costrutii e materiali biocompatibili.&#xd;
Per tanto si ha voluto proggetare una architettura biosostenibile.&#xd;
Una costruzione a basso impatto ambientale, che fornisce benessere&#xd;
al utente e che rispeta la normativa italiana in vigore.</subfield>
   </datafield>
   <datafield ind2=" " ind1=" " tag="520">
      <subfield code="a">Outgoing</subfield>
   </datafield>
   <datafield tag="653" ind2=" " ind1=" ">
      <subfield code="a">Àrees temàtiques de la UPC::Edificació::Construcció sostenible</subfield>
   </datafield>
   <datafield tag="653" ind2=" " ind1=" ">
      <subfield code="a">Sustainable buildings</subfield>
   </datafield>
   <datafield tag="653" ind2=" " ind1=" ">
      <subfield code="a">Edificis sostenibles -- Itàlia</subfield>
   </datafield>
   <datafield ind2="0" ind1="0" tag="245">
      <subfield code="a">Instant house at school; progettazione di una scuola dell'infanzia a Milano</subfield>
   </datafield>
</record></metadata></record></GetRecord></OAI-PMH>